000 00472nam a2200145Ia 4500
008 231129s2014||||xx |||||||||||||| ||spa||
020 _a978-958-8852-09-6
040 _bspa
082 _a913.86154 H557c
100 _aHernández de Alba Gregorio
245 0 _aLa cultura arqueológica de San Agustí­n
260 _c2014
264 _aBogotá Colombia : Instituto Colombiano de Antropologí­a e Historia - ICANH
942 _2ddc
_cBKS
999 _c16799
_d16799